Financial security in old age : Whither the Employees Provident Fund of Malaysia?

Bibliographic Details
Main Author: Lee Hock Lock
Format: Book
Published: Selangor : Pelanduk publications (M) sdn bhd , 2001
Subjects:

MARC

LEADER 00000cam a2200000 7i4500
001 0000013857
005 20050415.0
020 |a 9679787613 
040 |a INS 
090 0 0 |a HD7105   |b 45M4C5101 2001 
100 1 |a Lee Hock Lock 
245 1 0 |a Financial security in old age :   |b Whither the Employees Provident Fund of Malaysia?   |c Lee Hock Lock 
260 |a Selangor :   |b Pelanduk publications (M) sdn bhd ,   |c 2001 
300 |a v :   |b 224p ;   |c 22cm. 
650 0 0 |a Corporate culture 
650 0 0 |a Office politics 
650 0 0 |a Organizational behavior 
999 |a 0000009804   |b BOOK   |c Open Shelf   |e Default branch